000 00284nam a2200121Ia 4500
008 190216s9999||||xx |||||||||||||| ||und||
100 _aBurman & Reddy
245 0 _aIncome Tax Law And Practice
260 _bNew Heights
_c1963
300 _a364p
650 _aCommerce
942 _cBK
999 _c4614
_d4614